| 000 | 00348nam a2200145Ia 4500 | ||
|---|---|---|---|
| 005 | 20250428011505.0 | ||
| 008 | 240331s9999 xx 000 0 und d | ||
| 082 |
_bGOR _a891 |
||
| 100 | _aGorky,M | ||
| 245 | 0 | _aSundara nathasha | |
| 260 |
_aColombo _bCommand 's Graphic _c1897 |
||
| 300 | _a125 p ., ( V 2) | ||
| 650 | _aShort Stories | ||
| 942 | _cL | ||
| 999 |
_c4901 _d4901 |
||